[Event "Qatar Masters"]
[Site "Doha QAT"]
[Date "2015.12.20"]
[EventDate "2015.12.20"]
[Round "1.49"]
[Result "1/2-1/2"]
[White "Daniele Vocaturo"]
[Black "Eesha Karavade"]
[WhiteElo "2597"]
[BlackElo "2379"]
[PlyCount "117"]

1. e4 e6 2. d4 d5 3. Nc3 Bb4 4. Ne2 dxe4 5. a3 Be7 6. Nxe4 Nf6
7. N2c3 O-O 8. g3 Nbd7 9. Bg2 Rb8 10. Bf4 Nxe4 11. Nxe4 b6
12. Nc3 Ba6 13. Bc6 Bd6 14. Qd2 Bb7 15. Bxb7 Rxb7 16. O-O-O
Bxf4 17. Qxf4 Nf6 18. Qf3 Nd5 19. Ne4 c6 20. Rd3 Rd7 21. Rhd1
Qc7 22. Nd2 Ne7 23. Nc4 Rd5 24. Ne3 Rd7 25. Nc4 Rd5 26. Ne3
Rd7 27. Qe4 Rfd8 28. f4 h6 29. Nc4 Rd5 30. Ne5 c5 31. dxc5
Qxc5 32. Qe2 Rxd3 33. Rxd3 Rxd3 34. Qxd3 Qg1+ 35. Qd1 Qxd1+
36. Kxd1 f6 37. Nf3 Kf7 38. Kd2 Nc6 39. b4 Ke7 40. Kd3 Kd7
41. c3 a6 42. Nd2 Ne7 43. Nb3 Nc6 44. Nd2 Ne7 45. c4 Nc6
46. Ne4 f5 47. Nc3 Kc7 48. Ne2 e5 49. Nc3 e4+ 50. Ke3 Kd6
51. Na4 Kc7 52. Nc3 Kd6 53. Na4 Kc7 54. c5 b5 55. Nc3 Kd7
56. g4 g6 57. gxf5 gxf5 58. Nd5 Ne7 59. Nxe7 1/2-1/2

[Event "Qatar Masters"]
[Site "Doha QAT"]
[Date "2015.12.21"]
[EventDate "2015.12.20"]
[Round "2.35"]
[Result "1-0"]
[White "Krishnan Sasikiran"]
[Black "Zhanat Saiyn"]
[WhiteElo "2638"]
[BlackElo "2394"]
[PlyCount "79"]

1. d4 Nf6 2. c4 e6 3. g3 Bb4+ 4. Nd2 d5 5. Bg2 O-O 6. Nf3 b6
7. cxd5 exd5 8. a3 Bd6 9. O-O Nbd7 10. Nb1 Bb7 11. Nc3 a6
12. Nh4 Re8 13. Nf5 Bf8 14. Bf4 Ne4 15. Nxe4 dxe4 16. Rc1 c5
17. Nd6 Bxd6 18. Bxd6 Qf6 19. dxc5 Nxc5 20. Bxc5 bxc5 21. Rc3
Rac8 22. Qc1 Red8 23. Rd1 Rxd1+ 24. Qxd1 Qf5 25. Qc2 Qe5
26. h4 g6 27. e3 Kg7 28. Bh3 Rc6 29. Bg2 Rc8 30. Bf1 a5
31. Bg2 c4 32. Bf1 Bd5 33. a4 Qe6 34. Qd2 Rc6 35. Qd4+ Kg8
36. Rc1 Qf5 37. Rd1 Rf6 38. Rd2 Bc6 39. Bh3 Qf3 40. Bg4 1-0

[Event "Qatar Masters"]
[Site "Doha QAT"]
[Date "2015.12.21"]
[EventDate "2015.12.20"]
[Round "2.38"]
[Result "1/2-1/2"]
[White "Eesha Karavade"]
[Black "Lu Shanglei"]
[WhiteElo "2379"]
[BlackElo "2618"]
[PlyCount "92"]

1. e4 c5 2. Nf3 d6 3. Bb5+ Nd7 4. d4 Nf6 5. Nc3 cxd4 6. Qxd4
a6 7. Bxd7+ Bxd7 8. Bg5 h6 9. Bxf6 gxf6 10. O-O-O e6 11. Rhe1
Be7 12. Rd2 Qc7 13. Qe3 Qc5 14. Nd4 O-O-O 15. f4 h5 16. Kb1
Kb8 17. Nf3 Qxe3 18. Rxe3 Rhg8 19. g3 Bc6 20. Nd5 Rge8
21. Nxe7 Rxe7 22. Nd4 Bd7 23. Nf3 Be8 24. c4 Rc7 25. b3 Kc8
26. Kb2 Kd7 27. Red3 Ke7 28. Nd4 Bd7 29. Ne2 Bc6 30. Nc3 Rcc8
31. Re3 Rg8 32. Nd5+ Bxd5 33. cxd5 Rc5 34. dxe6 fxe6 35. Red3
Rc6 36. Rf2 Rg4 37. h3 Rg8 38. Rg2 e5 39. fxe5 dxe5 40. Rgd2
Ke6 41. Rf2 Rc7 42. Rf5 Rcg7 43. Rdf3 Rg6 44. Kc3 Ke7 45. Kc4
Rc8+ 46. Kb4 Rh6 1/2-1/2

[Event "Qatar Masters"]
[Site "Doha QAT"]
[Date "2015.12.21"]
[EventDate "2015.12.20"]
[Round "2.36"]
[Result "1-0"]
[White "Aleksandr Lenderman"]
[Black "Ravi Haria"]
[WhiteElo "2626"]
[BlackElo "2416"]
[PlyCount "125"]

1. d4 e6 2. c4 Bb4+ 3. Nd2 b6 4. Nf3 Bb7 5. a3 Bxd2+ 6. Bxd2
f5 7. g3 Nf6 8. Bg2 O-O 9. O-O Be4 10. Bc3 Nc6 11. Qb3 a5
12. Rac1 Qe8 13. d5 a4 14. Qd1 Nd8 15. Be5 d6 16. Bxf6 Rxf6
17. Re1 e5 18. Bf1 f4 19. Ng5 Bf5 20. gxf4 exf4 21. e3 f3
22. Qxf3 Nf7 23. h4 h6 24. Nxf7 Qxf7 25. h5 Bg6 26. Qh3 Bxh5
27. f4 Bg4 28. Qh4 Qg6 29. Kh2 Qf5 30. Rc3 Re8 31. Bd3 Qh5
32. Qxh5 Bxh5 33. Rg1 Kf7 34. Bc2 Ra8 35. Rg3 Bg6 36. Bd1 Bf5
37. Kg1 g6 38. Kf2 Be4 39. Ke1 Kg7 40. Kd2 Rf7 41. Rc1 Ra5
42. Bg4 Kf6 43. Kc3 Rc5 44. Be6 Re7 45. Kd4 Bf5 46. Rcg1 b5
47. cxb5 Rxb5 48. e4 Bxe6 49. Rxg6+ Kf7 50. dxe6+ Rxe6
51. Rg7+ Kf8 52. Rg8+ Kf7 53. R1g7+ Kf6 54. Rxc7 Re7 55. Rf8+
Kg7 56. Rxe7+ Kxf8 57. Re6 d5 58. Rxh6 dxe4 59. Kxe4 Rxb2
60. Ra6 Rb5 61. Rxa4 Ke7 62. Ra6 Rc5 63. a4 1-0

[Event "Qatar Masters"]
[Site "Doha QAT"]
[Date "2015.12.21"]
[EventDate "2015.12.20"]
[Round "2.32"]
[Result "1/2-1/2"]
[White "Padmini Rout"]
[Black "Ildar Khairullin"]
[WhiteElo "2437"]
[BlackElo "2647"]
[PlyCount "262"]

1. e4 c6 2. Nf3 d5 3. Nc3 Bg4 4. h3 Bxf3 5. Qxf3 e6 6. d4 dxe4
7. Qxe4 Nf6 8. Qd3 Na6 9. a3 Be7 10. g3 Qb6 11. Bg2 Rd8
12. Ne2 e5 13. c3 exd4 14. cxd4 O-O 15. O-O Nc7 16. b4 Nfd5
17. Rb1 Bf6 18. Rd1 Rfe8 19. Bf3 Qb5 20. Qxb5 Nxb5 21. Bb2 Nb6
22. Rd3 Rd7 23. Rbd1 Red8 24. Kg2 g6 25. Bg4 Rd6 26. Nc3 Nxc3
27. Bxc3 a6 28. Be2 Bg7 29. h4 h5 30. Ba1 Bf6 31. f4 Nd5
32. f5 Ne7 33. fxg6 fxg6 34. Rf3 Kg7 35. Rdf1 Re8 36. Rxf6
Rxf6 37. d5 Nxd5 38. Rf2 Re6 39. g4 hxg4 40. Bxg4 Ne3+ 41. Kg3
Nxg4 42. Kxg4 Kf7 43. Bxf6 Rxf6 44. Rd2 Ke7 45. Kg5 Re6
46. Kf4 b6 47. Rc2 Kd6 48. Rd2+ Kc7 49. Rc2 a5 50. Kg5 Kb7
51. bxa5 bxa5 52. a4 Kb6 53. Rb2+ Kc5 54. Rf2 Kd5 55. Rf6 c5
56. Rxg6 Rxg6+ 57. Kxg6 c4 58. h5 c3 59. h6 c2 60. h7 c1=Q
61. h8=Q Qc2+ 62. Kg5 Qd2+ 63. Kf5 Qf2+ 64. Kg5 Qg3+ 65. Kf5
Qf3+ 66. Kg5 Qe3+ 67. Kf5 Qe4+ 68. Kg5 Qxa4 69. Qd8+ Kc4
70. Qc7+ Kb3 71. Qg3+ Ka2 72. Qf2+ Ka3 73. Qe3+ Qb3 74. Qc5+
Qb4 75. Qc1+ Ka4 76. Qd1+ Kb5 77. Qd7+ Kc4 78. Qg4+ Kc3
79. Qf3+ Kc2 80. Qf5+ Kb2 81. Qe5+ Qc3 82. Qe2+ Ka3 83. Qe7+
Ka2 84. Qe6+ Ka1 85. Qd7 Qc5+ 86. Kh6 Qe3+ 87. Kh5 Qe5+
88. Kh6 Qf4+ 89. Kh7 a4 90. Qd1+ Kb2 91. Qe2+ Kc3 92. Qe1+ Kd4
93. Qb4+ Ke5 94. Qb8+ Ke4 95. Qb4+ Kf3 96. Qc3+ Kg4 97. Qg7+
Kh5 98. Qg6+ Kh4 99. Qa6 Qf7+ 100. Kh6 Qf8+ 101. Kh7 a3
102. Qc4+ Kg3 103. Qc7+ Qf4 104. Qc3+ Qf3 105. Qe5+ Kf2
106. Qc5+ Kf1 107. Qc1+ Kg2 108. Qd2+ Kg3 109. Qg5+ Kh3
110. Qh6+ Kg4 111. Qg7+ Kf5 112. Qf7+ Ke4 113. Qc4+ Ke3
114. Qc3+ Ke2 115. Qc2+ Kf1 116. Qc1+ Kf2 117. Qd2+ Kg1
118. Qd4+ Kh1 119. Qh4+ Kg2 120. Qg5+ Kh3 121. Qh6+ Kg4
122. Qg7+ Kf5 123. Qf7+ Ke4 124. Qc4+ Ke5 125. Qc5+ Ke6
126. Qb6+ Kf5 127. Qg6+ Ke5 128. Qe8+ Kd4 129. Qa4+ Ke5
130. Qe8+ Kd6 131. Qd8+ Kc5 1/2-1/2

[Event "Qatar Masters"]
[Site "Doha QAT"]
[Date "2015.12.22"]
[EventDate "2015.12.20"]
[Round "3.21"]
[Result "1-0"]
[White "Vladimir Akopian"]
[Black "Kidambi Sundararajan"]
[WhiteElo "2648"]
[BlackElo "2513"]
[PlyCount "61"]

1. e4 e6 2. d4 d5 3. Nd2 c5 4. exd5 exd5 5. Ngf3 Nc6 6. Bb5
Bd6 7. dxc5 Bxc5 8. O-O Ne7 9. Nb3 Bb6 10. Re1 O-O 11. Be3 Bf5
12. Bxb6 Qxb6 13. Bd3 Rad8 14. Bxf5 Nxf5 15. Qd2 d4 16. Ne5
Qc7 17. Nxc6 Qxc6 18. Qd3 g6 19. Re2 Rfe8 20. Rae1 Rxe2
21. Rxe2 h5 22. h3 Re8 23. Nxd4 Nxd4 24. Rxe8+ Qxe8 25. Qxd4
Qe1+ 26. Kh2 Qb1 27. Qc3 Qxa2 28. Qc8+ Kg7 29. Qxb7 Qa4 30. b4
Qxc2 31. Qxa7 1-0

[Event "Qatar Masters"]
[Site "Doha QAT"]
[Date "2015.12.22"]
[EventDate "2015.12.20"]
[Round "3.51"]
[Result "1-0"]
[White "M Amin Tabatabaei"]
[Black "Pontus Carlsson"]
[WhiteElo "2482"]
[BlackElo "2433"]
[PlyCount "73"]

1. d4 Nf6 2. c4 e6 3. Nf3 Bb4+ 4. Bd2 c5 5. Bxb4 cxb4 6. g3
O-O 7. Bg2 d6 8. O-O Qe7 9. Qd2 a5 10. a3 Na6 11. axb4 Nxb4
12. Nc3 b6 13. e4 e5 14. h3 Re8 15. Rfe1 Ba6 16. b3 Rad8
17. Rad1 Nd7 18. h4 exd4 19. Nxd4 Qf6 20. Nc2 Nxc2 21. Qxc2
Rc8 22. Nd5 Qd8 23. Ne3 Qc7 24. Nf5 Re6 25. Qb2 f6 26. e5 dxe5
27. Bd5 Nc5 28. Nd4 Re8 29. Nxe6 Nxe6 30. Qd2 Bb7 31. Bxe6+
Rxe6 32. Qd8+ Qxd8 33. Rxd8+ Kf7 34. Red1 Be4 35. R1d7+ Kg6
36. g4 Bf3 37. Rg8 1-0

[Event "Qatar Masters"]
[Site "Doha QAT"]
[Date "2015.12.22"]
[EventDate "2015.12.20"]
[Round "3.54"]
[Result "1-0"]
[White "Zhonghan Ma"]
[Black "Li Ruofan"]
[WhiteElo "2463"]
[BlackElo "2372"]
[PlyCount "89"]

1. Nf3 Nf6 2. c4 e6 3. Nc3 d5 4. d4 Be7 5. Bg5 O-O 6. e3 Nbd7
7. Rc1 a6 8. cxd5 exd5 9. Bd3 c6 10. O-O Re8 11. Qc2 Nf8
12. Ne5 Ng4 13. Bf4 Nxe5 14. dxe5 f6 15. exf6 Bxf6 16. e4 Ne6
17. Bg3 Nc5 18. Nxd5 Nxd3 19. Nxf6+ Qxf6 20. Qxd3 Qxb2 21. a3
Qb5 22. Qd4 Be6 23. Bc7 Re7 24. a4 Qb3 25. Bd6 Rd7 26. e5 a5
27. f4 g6 28. Rfd1 Qd5 29. Qf2 Qb3 30. Rd4 b5 31. h3 bxa4
32. Ra1 Qc3 33. Rdxa4 Rf7 34. Kh2 Bd5 35. R4a3 Qc4 36. e6 Bxe6
37. Rxa5 Rd8 38. Ra8 Rd7 39. Bc7 Rf8 40. Rxf8+ Kxf8 41. Ra8+
Kf7 42. Qh4 Bf5 43. Qxh7+ Ke6 44. Qg8+ Rf7 45. Be5 1-0

[Event "Qatar Masters"]
[Site "Doha QAT"]
[Date "2015.12.23"]
[EventDate "2015.12.20"]
[Round "4.6"]
[Result "1/2-1/2"]
[White "Ni Hua"]
[Black "Sanan Sjugirov"]
[WhiteElo "2693"]
[BlackElo "2646"]
[PlyCount "61"]

1. d4 Nf6 2. c4 e6 3. g3 d5 4. Bg2 Bb4+ 5. Nd2 O-O 6. Nf3 b6
7. O-O Bb7 8. Ne5 Nbd7 9. Qa4 c5 10. cxd5 exd5 11. Ndf3 a5
12. Bg5 cxd4 13. Nxd7 Qxd7 14. Qxd7 Nxd7 15. Nxd4 Rfe8
16. Rfd1 Bc5 17. Be3 Nf6 18. Nf5 Rad8 19. Rac1 Bc8 20. Nd4 h6
21. h3 Bb7 22. Bf3 Bc8 23. Kg2 Bd7 24. Rd3 Rc8 25. Rdc3 Ne4
26. R3c2 Ng5 27. Bxg5 Bxd4 28. Bf4 Bf5 29. Rxc8 Rxc8 30. Rxc8+
Bxc8 31. b3 1/2-1/2

[Event "Qatar Masters"]
[Site "Doha QAT"]
[Date "2015.12.24"]
[EventDate "2015.12.20"]
[Round "5.29"]
[Result "1-0"]
[White "Sethuraman P Sethuraman"]
[Black "Sunilduth Lyna Narayanan"]
[WhiteElo "2639"]
[BlackElo "2494"]
[PlyCount "91"]

1. e4 e5 2. Nf3 Nc6 3. Bb5 a6 4. Ba4 Nf6 5. O-O Be7 6. Re1 b5
7. Bb3 O-O 8. h3 d6 9. c3 Na5 10. Bc2 c5 11. d4 Nd7 12. b3
exd4 13. cxd4 Bb7 14. Nc3 b4 15. Nd5 Bxd5 16. exd5 Bf6 17. Qd3
g6 18. Bh6 Bg7 19. Bxg7 Kxg7 20. dxc5 dxc5 21. a3 Nf6 22. axb4
cxb4 23. d6 Nb7 24. Rad1 Qb6 25. Ne5 Rad8 26. Nc4 Qc6 27. Re7
Nc5 28. Qd4 Nd7 29. Be4 Qc5 30. Qa1 Kg8 31. Bf3 Qb5 32. Be2
Qc6 33. Qa5 Rb8 34. Bf3 Qb5 35. Qxb5 axb5 36. Na5 Rb6 37. Nc6
Kg7 38. g4 h6 39. h4 Nb8 40. Ne5 Ng8 41. Rc7 Nf6 42. d7 Rd8
43. g5 hxg5 44. hxg5 Nh7 45. Bg4 Nxg5 46. f4 1-0

[Event "Qatar Masters"]
[Site "Doha QAT"]
[Date "2015.12.26"]
[EventDate "2015.12.20"]
[Round "6.14"]
[Result "0-1"]
[White "A R Saleh Salem"]
[Black "Anton Korobov"]
[WhiteElo "2622"]
[BlackElo "2713"]
[PlyCount "78"]

1. e4 c5 2. Nf3 e6 3. d4 cxd4 4. Nxd4 Nc6 5. Nc3 Qc7 6. Be3
Nf6 7. f4 Bb4 8. Nb5 Qa5 9. e5 Ne4 10. Qd3 Nxc3 11. bxc3 Be7
12. Be2 O-O 13. O-O f6 14. exf6 Bxf6 15. Rad1 d5 16. c4 Rd8
17. cxd5 exd5 18. c3 Be6 19. Nd4 Bf7 20. Bg4 Qxa2 21. Ne6 Rd6
22. Nc5 d4 23. Nxb7 Rd5 24. c4 Nb4 25. Qb1 Qxc4 26. Bd2 Nc2
27. Bf3 Rb8 28. Nd6 Qc7 29. Nxf7 Rxb1 30. Bxd5 Rxd1 31. Rxd1
Qd7 32. Bc4 Kf8 33. Rb1 Qc6 34. Rb8+ Ke7 35. Bb3 d3 36. Kh1
Qc7 37. Nd8 Qc5 38. Ne6 Qf2 39. Rb7+ Kd6 0-1

[Event "Qatar Masters"]
[Site "Doha QAT"]
[Date "2015.12.26"]
[EventDate "2015.12.20"]
[Round "6.40"]
[Result "1/2-1/2"]
[White "Shah Sagar"]
[Black "Nana Dzagnidze"]
[WhiteElo "2441"]
[BlackElo "2559"]
[PlyCount "71"]

1. d4 Nf6 2. c4 e6 3. Nc3 Bb4 4. e3 O-O 5. Bd3 d6 6. Ne2 e5
7. O-O Nc6 8. d5 Ne7 9. e4 a5 10. Na4 Nd7 11. a3 Bc5 12. Nxc5
Nxc5 13. b3 f5 14. exf5 Bxf5 15. Bxf5 Nxf5 16. Ng3 Qh4
17. Nxf5 Rxf5 18. Be3 Raf8 19. Bxc5 dxc5 20. Qe2 Rh5 21. h3
Rg5 22. Kh1 Rf6 23. Rac1 e4 24. Rc3 Rfg6 25. Rg3 Rxg3 26. fxg3
Rxg3 27. Qf2 h6 28. Kh2 Rg4 29. Qxh4 Rxh4 30. g4 g5 31. Kg3
Kg7 32. Rf5 Kg6 33. Re5 h5 34. Rxe4 hxg4 35. hxg4 Kf7 36. Re5
1/2-1/2

[Event "Qatar Masters"]
[Site "Doha QAT"]
[Date "2015.12.27"]
[EventDate "2015.12.20"]
[Round "7.19"]
[Result "0-1"]
[White "Alexander Moiseenko"]
[Black "Zhong Zhang"]
[WhiteElo "2689"]
[BlackElo "2619"]
[PlyCount "120"]

1. d4 Nf6 2. c4 e6 3. Nc3 Bb4 4. e3 O-O 5. Ne2 Re8 6. a3 Bf8
7. Ng3 d5 8. Be2 b6 9. cxd5 exd5 10. b4 a6 11. O-O Bb7 12. Bb2
Nbd7 13. Qb3 c6 14. Bf3 b5 15. e4 Nb6 16. e5 Nfd7 17. Rae1 Nc4
18. Bc1 a5 19. Bg4 axb4 20. axb4 Bc8 21. Qb1 Nb8 22. Bxc8 Qxc8
23. f4 Qa6 24. f5 Qb6 25. Nce2 Rxe5 26. Kh1 Re8 27. Nh5 Nd7
28. Qb3 Qd8 29. Qg3 Nf6 30. Nef4 Rxe1 31. Qxe1 Nd6 32. Qc3 Ra6
33. Qh3 Nde4 34. Nd3 Ra1 35. g4 Nxh5 36. gxh5 h6 37. f6 Nxf6
38. Ne5 Qd6 39. Qc3 Ra6 40. Qf3 Qxb4 41. Be3 Qe7 42. Qg2 Nxh5
43. Bxh6 f6 44. Nf3 Qe4 45. Qh3 Qg6 46. Bd2 Ra3 47. Qe6+ Kh7
48. Qh3 Ra7 49. Qc8 Bd6 50. Qxc6 Qd3 51. Kg2 Nf4+ 52. Bxf4
Bxf4 53. Qxd5 b4 54. Qe6 Qc2+ 55. Kh1 b3 56. Qg4 Bh6 57. Ne1
Qc6+ 58. Nf3 b2 59. Qf5+ g6 60. Qd3 Ra1 0-1

[Event "Qatar Masters"]
[Site "Doha QAT"]
[Date "2015.12.28"]
[EventDate "2015.12.20"]
[Round "8.14"]
[Result "1-0"]
[White "Zhong Zhang"]
[Black "Viktor Bologan"]
[WhiteElo "2619"]
[BlackElo "2654"]
[PlyCount "87"]

1. e4 e5 2. Nf3 Nc6 3. d4 exd4 4. Nxd4 Bc5 5. Be3 Qf6 6. c3 d6
7. Bb5 Ne7 8. O-O O-O 9. f4 Nxd4 10. cxd4 Bb6 11. Nc3 c6
12. Ba4 Re8 13. Qd3 d5 14. f5 Nxf5 15. Nxd5 cxd5 16. Bxe8 dxe4
17. Qxe4 Qe6 18. Qxe6 Bxe6 19. Bxf7+ Kxf7 20. g4 Re8 21. a4
Bd7 22. a5 Bxa5 23. Rxa5 Rxe3 24. Rxa7 Rb3 25. Rf2 g6 26. gxf5
Bxf5 27. Ra3 Rb4 28. Rd2 Ke6 29. Ra8 h5 30. Kf2 Rb3 31. Re8+
Kd6 32. Re3 Rb4 33. h4 Rb6 34. Kg3 Rb4 35. Kf4 Rb5 36. Kg5 Ra5
37. Ra3 Rb5 38. Kh6 Kd5 39. Re3 Kd6 40. Rg3 Kd5 41. Kg7 Rb6
42. Re3 Kd6 43. Kf7 Kd5 44. Ke7 1-0

[Event "Qatar Masters"]
[Site "Doha QAT"]
[Date "2015.12.28"]
[EventDate "2015.12.20"]
[Round "8.17"]
[Result "1-0"]
[White "Radoslaw Wojtaszek"]
[Black "Mateusz Bartel"]
[WhiteElo "2723"]
[BlackElo "2620"]
[PlyCount "89"]

1. d4 e6 2. c4 Bb4+ 3. Nd2 Nf6 4. Nf3 O-O 5. a3 Be7 6. e4 d6
7. Be2 Nbd7 8. Qc2 c5 9. O-O cxd4 10. Nxd4 Qc7 11. Nb5 Qb8
12. b4 b6 13. Bb2 Bb7 14. Bd4 Rc8 15. Nc3 d5 16. exd5 exd5
17. Qf5 Bd6 18. Nxd5 Nxd5 19. cxd5 Bxh2+ 20. Kh1 Be5 21. Nf3
Bxd4 22. Nxd4 Nf6 23. Bf3 Rc4 24. Rad1 Qd6 25. Kg1 a6 26. Rfe1
b5 27. Nc6 Kf8 28. Na5 Rc7 29. Nxb7 Rxb7 30. Rc1 Qd7 31. Qc2
Rd8 32. Qc5+ Kg8 33. d6 Rbb8 34. Rcd1 Rdc8 35. Qd4 Rc4 36. Qd3
Re8 37. Rxe8+ Nxe8 38. Qe3 Nf6 39. Qb6 Rc8 40. Qxa6 g5 41. Qb7
Qf5 42. d7 Rd8 43. Bc6 Qc2 44. Rf1 Qd2 45. Qc7 1-0

[Event "Qatar Masters"]
[Site "Doha QAT"]
[Date "2015.12.28"]
[EventDate "2015.12.20"]
[Round "8.56"]
[Result "1-0"]
[White "Mohammad Nubairshah Shaikh"]
[Black "Shah Sagar"]
[WhiteElo "2414"]
[BlackElo "2441"]
[PlyCount "75"]

1. d4 Nf6 2. c4 e6 3. Nc3 Bb4 4. Qc2 O-O 5. e4 d5 6. e5 Ne4
7. Bd3 c5 8. Ne2 cxd4 9. Nxd4 Nc5 10. Bxh7+ Kh8 11. cxd5 Qh4
12. a3 Ba5 13. b4 Qxd4 14. Be3 Qxe5 15. O-O-O Nba6 16. Rd4 Bd8
17. bxc5 f5 18. Bg6 f4 19. Re4 Qg5 20. Rxf4 Rxf4 21. g3 e5
22. gxf4 exf4 23. Qe4 Bd7 24. Bd4 Rc8 25. h4 Qh6 26. Kc2 Bf6
27. c6 bxc6 28. h5 Nc7 29. dxc6 Be6 30. Bxf6 gxf6 31. Rd1 Qg5
32. Rd7 Qe5 33. Qxe5 fxe5 34. Re7 a6 35. h6 Nb5 36. Nxb5 Rxc6+
37. Nc3 Bg8 38. h7 1-0

[Event "Qatar Masters"]
[Site "Doha QAT"]
[Date "2015.12.28"]
[EventDate "2015.12.20"]
[Round "8.37"]
[Result "1/2-1/2"]
[White "Prantik Roy"]
[Black "Bela Khotenashvili"]
[WhiteElo "2370"]
[BlackElo "2496"]
[PlyCount "194"]

1. d4 Nf6 2. c4 c5 3. d5 g6 4. Nc3 Bg7 5. e4 d6 6. Bd3 O-O
7. h3 e6 8. Nf3 exd5 9. cxd5 a6 10. a4 Re8 11. O-O Nh5 12. Bg5
Bf6 13. Bh6 Bg7 14. Bg5 Bf6 15. Bh6 Nd7 16. Qc2 Rb8 17. Kh2
Bg7 18. Bg5 Bf6 19. Bh6 Bg7 20. Bg5 Qc7 21. Nd2 Be5+ 22. f4
Bf6 23. Bh6 Bg7 24. Bxg7 Nxg7 25. Rae1 Qd8 26. Nc4 Nb6 27. Ne3
Nd7 28. Qf2 Qc7 29. Qh4 Qd8 30. Qh6 Nf6 31. e5 dxe5 32. fxe5
Nfh5 33. Nc4 f5 34. Nd6 Rxe5 35. Rxe5 Qxd6 36. Re1 Bd7 37. a5
b5 38. axb6 Rxb6 39. Qd2 Rb4 40. Kg1 Qb6 41. Bc2 c4+ 42. Kh2
Qd6 43. Bd1 Nf6 44. Kh1 a5 45. Bf3 a4 46. Re7 Nge8 47. R1e2
Rb8 48. Qd4 Rc8 49. Qa7 Kf8 50. R7e5 Rc7 51. Qb8 a3 52. Re6
Bxe6 53. Rxe6 Qf4 54. Rxf6+ Kg7 55. Qxe8 Kxf6 56. Qf8+ Kg5
57. Qxa3 Qc1+ 58. Kh2 Qf4+ 59. Kg1 Qe3+ 60. Kf1 Re7 61. Qa1
Qd2 62. Qd1 Qxb2 63. d6 Rd7 64. Bc6 Rxd6 65. Qxd6 Qxc3 66. h4+
Kh6 67. Qf8+ Qg7 68. Qxg7+ Kxg7 69. Kf2 Kf6 70. Kf3 Ke5
71. Ba4 h6 72. Ke3 Kf6 73. Kf4 Ke6 74. Bd1 Kf6 75. Bc2 Ke6
76. Ke3 Ke5 77. Bb1 c3 78. Kf3 Kf6 79. Kf4 Ke6 80. Bc2 Kf6
81. Bb3 g5+ 82. hxg5+ hxg5+ 83. Ke3 Ke5 84. Bc2 f4+ 85. Kf3
Kd4 86. Bb1 Ke5 87. Bh7 Kd4 88. Bc2 Ke5 89. Ke2 Kd4 90. Bf5
Ke5 91. Bg4 Kd4 92. Bf3 c2 93. Kd2 c1=Q+ 94. Kxc1 Ke3 95. Kd1
Kf2 96. Kd2 g4 97. Bxg4 Kxg2 1/2-1/2

[Event "Qatar Masters"]
[Site "Doha QAT"]
[Date "2015.12.29"]
[EventDate "2015.12.20"]
[Round "9.14"]
[Result "1/2-1/2"]
[White "Kacper Piorun"]
[Black "Radoslaw Wojtaszek"]
[WhiteElo "2637"]
[BlackElo "2723"]
[PlyCount "71"]

1. c4 Nf6 2. Nc3 e6 3. e4 d5 4. cxd5 exd5 5. e5 Ne4 6. d4 Bb4
7. Qa4+ Nc6 8. Bb5 O-O 9. Ne2 Nxd4 10. Nxd4 c5 11. Ne2 d4
12. O-O dxc3 13. a3 Nd2 14. axb4 Nxf1 15. bxc3 a6 16. Qc2 Bf5
17. Qxf5 Qd1 18. Bb2 Rfd8 19. Nd4 Ne3+ 20. Rxd1 Nxf5 21. Bc4
cxd4 22. cxd4 Rac8 23. Bb3 Ne7 24. d5 Nxd5 25. Bxd5 Rc2
26. Bxf7+ Kxf7 27. Rxd8 Rxb2 28. f4 Rxb4 29. f5 a5 30. e6+ Ke7
31. Rd7+ Kf8 32. Rd8+ Ke7 33. Rd7+ Kf8 34. Rf7+ Kg8 35. Rc7
Kf8 36. Rf7+ 1/2-1/2

[Event "Qatar Masters"]
[Site "Doha QAT"]
[Date "2015.12.29"]
[EventDate "2015.12.20"]
[Round "9.40"]
[Result "1/2-1/2"]
[White "Prantik Roy"]
[Black "Sunilduth Lyna Narayanan"]
[WhiteElo "2370"]
[BlackElo "2494"]
[PlyCount "60"]

1. d4 Nf6 2. c4 e6 3. Nc3 Bb4 4. e3 O-O 5. Ne2 c6 6. a3 Ba5
7. Qc2 d5 8. Ng3 Nbd7 9. Bd3 dxc4 10. Bxc4 e5 11. O-O exd4
12. exd4 Nb6 13. Ba2 Nbd5 14. Bg5 h6 15. Bxf6 Nxf6 16. Rad1
Nd5 17. Nxd5 cxd5 18. b4 Bb6 19. Rfe1 Bg4 20. f3 Rc8 21. Qd3
Bd7 22. Nf5 Bxf5 23. Qxf5 Rc6 24. Re5 g6 25. Qd3 Bc7 26. b5
Rb6 27. Rxd5 Qh4 28. f4 Re8 29. Rd7 Re7 30. Rxe7 Qxe7 1/2-1/2